| 000 | 00835nam a22002657a 4500 | ||
|---|---|---|---|
| 001 | 9226 | ||
| 003 | FISKH | ||
| 005 | 20251203130428.0 | ||
| 008 | 251203b cb ||||| |||| 00| 0 eng d | ||
| 020 | _a9781600449475 | ||
| 040 |
_aFISKH _beng _cFISKH _dFISKH |
||
| 050 | _aQL737.P96 A754 | ||
| 082 | _a599.88 | ||
| 100 |
_aArmentrout, David _eAuthor |
||
| 245 |
_aGibbons : _bAmazing Apes / _cby David and Patricia Armentrout |
||
| 260 |
_aFlorida : _bRourke , _c2008 |
||
| 300 |
_a24 pages : _bcolor illustrations ; _c21 cm |
||
| 505 | _aP | ||
| 520 | _aAn introduction to gibbon apes that describes their physical characteristics, habitat, movement, and similarities to other primates. | ||
| 521 | 8 |
_a700
_bLexile estimate |
|
| 521 | 8 |
_aP
_bRaz-Plus |
|
| 650 |
_aAnimals _vGibbons |
||
| 942 |
_2ddc _cBK _n0 |
||
| 999 |
_c9226 _d9226 |
||